[Event "I Weekend Croce di Magara"]
[Site "Camigliatello - Spezzano della Sila ITA"]
[Date "2005.09.11"]
[Round "4"]
[White "Paletta, Giuseppe"]
[Black "Tassone, Francesco"]
[Result "1-0"]
[WhiteElo "1715"]
[BlackElo "1511"]
[PlyCount "81"]
[EventDate "2005.09.10"]

1. d4 d5 2. Nf3 Nf6 3. Bf4 Bg4 4. e3 e6 5. c4 c6 6. c5 Be7 7. Be2 O-O 8. O-O
Nbd7 9. b4 a6 10. Nc3 Nh5 11. Bg3 Nxg3 12. fxg3 Nf6 13. a4 Ne4 14. Nxe4 dxe4
15. Ne5 Bxe2 16. Qxe2 f6 17. Nc4 f5 18. Qb2 Bg5 19. Qb3 Qe7 20. b5 axb5 21.
axb5 cxb5 22. Rxa8 Rxa8 23. Qxb5 g6 24. Rb1 Ra7 25. Kf2 Kg7 26. Qb6 Ra2+ 27.
Rb2 Ra1 28. Qxb7 Qxb7 29. Rxb7+ Kh6 30. h4 Bf6 31. c6 Rc1 32. Nb6 Rxc6 33. Nd7
Bg7 34. Nc5 Bf8 35. Rb5 Bxc5 36. Rxc5 Rb6 37. Rc3 Kg7 38. g4 Kh6 39. g5+ Kh5
40. Kg3 h6 41. Rc7 1-0

[Event "I Weekend Croce di Magara"]
[Site "Camigliatello - Spezzano della Sila ITA"]
[Date "2005.09.11"]
[Round "4"]
[White "Paragliola, Gennaro"]
[Black "Ielapi, Gianbattista"]
[Result "1/2-1/2"]
[WhiteElo "1562"]
[BlackElo "1599"]
[PlyCount "77"]
[EventDate "2005.09.10"]

1. d4 Nf6 2. c4 g6 3. Nc3 Bg7 4. e4 d6 5. Be2 O-O 6. Nf3 e5 7. d5 Nbd7 8. b4
Ne8 9. Bg5 f6 10. Bh4 Rf7 11. h3 Bf8 12. O-O Ng7 13. Rc1 Be7 14. Bg3 Nf8 15.
Nd2 f5 16. exf5 Bxf5 17. Nce4 Nd7 18. a3 Nf6 19. Ng5 Rf8 20. Ngf3 Ngh5 21. Bh2
Nf4 22. Nb3 Rc8 23. Nh4 Nxe2+ 24. Qxe2 Bd7 25. Nf3 Nh5 26. Rfd1 Nf4 27. Bxf4
Rxf4 28. c5 Qf8 29. Rc3 Qf6 30. Rdc1 Rf8 31. cxd6 Bxd6 32. Nc5 Bc8 33. Ne4 Qe7
34. Nxd6 Qxd6 35. Qxe5 Qxe5 36. Nxe5 R4f5 37. Nf3 Rxd5 38. Rxc7 Bxh3 39. Rxb7
1/2-1/2

[Event "I Weekend Croce di Magara"]
[Site "Camigliatello - Spezzano della Sila ITA"]
[Date "2005.09.11"]
[Round "4"]
[White "Piccoli, Vincenzo"]
[Black "Romeo, Myriam"]
[Result "1-0"]
[WhiteElo "1655"]
[BlackElo "1476"]
[PlyCount "99"]
[EventDate "2005.09.10"]

1. d4 d5 2. c4 dxc4 3. e4 Nc6 4. Nf3 Nf6 5. Nc3 Bg4 6. Be3 e6 7. e5 Nd7 8. Bxc4
Bb4 9. O-O O-O 10. a3 Be7 11. Rc1 f6 12. exf6 Bxf6 13. Ne4 Be7 14. Ned2 Qe8 15.
h3 Bf5 16. Qb3 Qg6 17. Qxb7 Bxh3 18. g3 Bxf1 19. Rxf1 Na5 20. Qxc7 Nxc4 21.
Qxc4 Nb6 22. Qb3 h5 23. Ne5 Qf6 24. Ne4 Qf5 25. a4 Qxe4 26. Qxe6+ Kh8 27. Ng6+
Qxg6 28. Qxg6 Rf6 29. Qxh5+ Kg8 30. Bg5 Rf7 31. Bxe7 Rxe7 32. a5 Nd7 33. Qd5+
Kf8 34. Qxa8+ Re8 35. Qxa7 Nf6 36. Qc5+ Kf7 37. a6 Nd7 38. Qf5+ Ke7 39. Re1+
Kd8 40. Rxe8+ Kxe8 41. Qxd7+ Kxd7 42. a7 Kc7 43. a8=Q Kb6 44. Qc8 Ka5 45. Qb7
Ka4 46. Kf1 Ka5 47. Ke2 Ka4 48. Kd3 Ka5 49. Kc4 Ka4 50. Qb4# 1-0

[Event "I Weekend Croce di Magara"]
[Site "Camigliatello - Spezzano della Sila ITA"]
[Date "2005.09.11"]
[Round "4"]
[White "Rametta, Marcello"]
[Black "Ielapi, Vito"]
[Result "0-1"]
[WhiteElo "1762"]
[BlackElo "1971"]
[PlyCount "56"]
[EventDate "2005.09.10"]

1. e4 c5 2. Nf3 d6 3. h3 a6 4. a4 Nc6 5. Bc4 e6 6. Nc3 Be7 7. d3 Nf6 8. O-O O-O
9. Be3 d5 10. exd5 exd5 11. Bb3 d4 12. Ne2 dxe3 13. fxe3 Nd5 14. Qc1 Be6 15. e4
Nc7 16. Nf4 Bxb3 17. cxb3 Nd4 18. Qd1 Qd6 19. e5 Qh6 20. Nh2 Qh4 21. Ng4 f5 22.
exf6 Bxf6 23. Nh5 Bg5 24. Kh2 Kh8 25. Ne5 Rxf1 26. Qxf1 Qxh5 27. g4 Bf4+ 28.
Qxf4 Qxe5 0-1

[Event "I Weekend Croce di Magara"]
[Site "Camigliatello - Spezzano della Sila ITA"]
[Date "2005.09.11"]
[Round "4"]
[White "Rosolia, Giuseppe"]
[Black "Rizzuti, Pasquale"]
[Result "1-0"]
[WhiteElo "1829"]
[BlackElo "1874"]
[PlyCount "129"]
[EventDate "2005.09.10"]

1. d4 Nf6 2. Nf3 g6 3. Bf4 d6 4. e3 Bg7 5. h3 O-O 6. Be2 Nc6 7. c3 Nh5 8. Bh2
f5 9. Ng5 h6 10. Qb3+ d5 11. Bxh5 hxg5 12. Bxg6 Rf6 13. Bh5 f4 14. e4 Be6 15.
e5 Rh6 16. Bf3 Na5 17. Qc2 c5 18. dxc5 Bxe5 19. Nd2 Qd7 20. b4 Bf5 21. Qb2 Nc4
22. Nxc4 dxc4 23. Be2 Bd3 24. O-O-O a5 25. Rhe1 axb4 26. Bxd3 cxd3 27. Rxe5
Rha6 28. Rxg5+ Kh7 29. cxb4 Rf6 30. Bxf4 Qe6 31. a3 Qc4+ 32. Kb1 Qxf4 33. Qe5
Qxe5 34. Rxe5 Rxa3 35. Rxe7+ Kg6 36. Kb2 Ra7 37. f3 Ra4 38. Kb3 Rfa6 39. Rxd3
Kf6 40. Rxb7 Ke5 41. Rd6 Ra8 42. Re7+ Kf5 43. g3 Ra1 44. Rh7 R1a3+ 45. Kc4 Rxf3
46. Rf7+ Kg5 47. Rxf3 Re8 48. Rfd3 Kf5 49. R3d4 Re1 50. Kb5 Rb1 51. Rd8 Ke5 52.
h4 Ke6 53. h5 Kf7 54. h6 Kg6 55. R4d6+ Kh7 56. Ra8 Rxb4+ 57. Kc6 Rb6+ 58. Kd5
Rb7 59. Rdd8 Rb1 60. Rh8+ Kg6 61. Ra6+ Kf5 62. Rf8+ Kg5 63. h7 Rd1+ 64. Kc6 Kg6
65. h8=Q 1-0

[Event "I Weekend Croce di Magara"]
[Site "Camigliatello - Spezzano della Sila ITA"]
[Date "2005.09.11"]
[Round "4"]
[White "Salvo, Vincenzo"]
[Black "Gad, Alessandro"]
[Result "1-0"]
[WhiteElo "1682"]
[BlackElo "1437"]
[PlyCount "39"]
[EventDate "2005.09.10"]

1. e4 c5 2. Nf3 d6 3. d4 cxd4 4. Nxd4 Nf6 5. Nc3 e6 6. Bb5+ Bd7 7. Bc4 Be7 8.
Qf3 Nc6 9. Nxc6 Bxc6 10. O-O O-O 11. Re1 Qc7 12. Qg3 Kh8 13. Bg5 Rab8 14. Qh4
e5 15. Re3 Bd7 16. Be2 Kg8 17. Rg3 Rfe8 18. Bxf6 Bxf6 19. Qxf6 Kh8 20. Qxg7#
1-0

[Event "I Weekend Croce di Magara"]
[Site "Camigliatello - Spezzano della Sila ITA"]
[Date "2005.09.11"]
[Round "4"]
[White "Trifoglio, Giovanni"]
[Black "Marincolo, Piercarlo"]
[Result "1-0"]
[WhiteElo "1862"]
[BlackElo "1640"]
[PlyCount "117"]
[EventDate "2005.09.10"]

1. e4 c5 2. c3 d5 3. exd5 Qxd5 4. d4 Nf6 5. Nf3 Bg4 6. Be2 cxd4 7. cxd4 e6 8.
Nc3 Bb4 9. O-O Bxc3 10. bxc3 O-O 11. c4 Qc6 12. Qb3 Nbd7 13. Bg5 Rac8 14. Bxf6
Nxf6 15. Ne5 Qe4 16. Bxg4 Nxg4 17. Nxg4 Qxg4 18. Rfd1 Rfd8 19. Qxb7 Rxc4 20.
Qxa7 Rcxd4 21. Rxd4 Qxd4 22. Qxd4 Rxd4 23. a4 Rd8 24. a5 Kf8 25. Kf1 Ra8 26.
Ke2 Ke7 27. Kd3 Kd7 28. Kc4 Kc6 29. Kb4 Rb8+ 30. Ka4 Ra8 31. Rb1 Ra6 32. Rc1+
Kb7 33. Rd1 Rc6 34. Rd7+ Rc7 35. Rxc7+ Kxc7 36. Kb5 Kb7 37. Kc5 Ka6 38. Kd6
Kxa5 39. Ke7 Kb4 40. Kxf7 e5 41. Ke6 e4 42. Ke5 Kc5 43. Kxe4 Kd6 44. f4 Ke7 45.
Ke5 Kf7 46. g4 h6 47. h4 g5 48. hxg5 hxg5 49. fxg5 Kg6 50. Kf4 Kg7 51. Kf5 Kf7
52. g6+ Kg7 53. Kg5 Kg8 54. Kf6 Kf8 55. g5 Kg8 56. g7 Kh7 57. g8=Q+ Kxg8 58.
Kg6 Kh8 59. Kf7 1-0

[Event "I Weekend Croce di Magara"]
[Site "Camigliatello - Spezzano della Sila ITA"]
[Date "2005.09.17"]
[Round "5"]
[White "Alo', Lucio"]
[Black "Ielapi, Gianbattista"]
[Result "0-1"]
[WhiteElo "1589"]
[BlackElo "1599"]
[PlyCount "68"]
[EventDate "2005.09.10"]

1. Nf3 d5 2. d4 Nc6 3. Bf4 Nf6 4. h3 g6 5. e3 Bg7 6. Bb5 Bd7 7. O-O a6 8. Bd3
O-O 9. c4 Nb4 10. Nc3 Nxd3 11. Qxd3 Rc8 12. Rab1 Bf5 13. Qe2 Bxb1 14. Rxb1 c6
15. c5 Re8 16. Ne5 Nd7 17. Ng4 h5 18. Nh2 e5 19. dxe5 Bxe5 20. Bh6 Kh7 21. Qf3
Bxh2+ 22. Kxh2 Kxh6 23. Qxf7 Qf6 24. Qxd7 Qxf2 25. e4 d4 26. Nd1 Qf4+ 27. Kg1
Rxe4 28. Nf2 Ree8 29. Rf1 Rcd8 30. Qxb7 Qe3 31. Kh1 d3 32. Ng4+ hxg4 33. Rf7
Qe1+ 34. Kh2 g3# 0-1

[Event "I Weekend Croce di Magara"]
[Site "Camigliatello - Spezzano della Sila ITA"]
[Date "2005.09.17"]
[Round "5"]
[White "Cordi', Domenico"]
[Black "Amodei, Diego"]
[Result "1-0"]
[WhiteElo "2086"]
[BlackElo "1655"]
[PlyCount "47"]
[EventDate "2005.09.10"]

1. e4 c5 2. Nf3 d6 3. d4 cxd4 4. Nxd4 Nf6 5. Nc3 e6 6. Be2 Be7 7. O-O Bd7 8.
Be3 Nc6 9. Nb3 Rc8 10. f4 a6 11. a4 Qc7 12. Qd2 Nb4 13. Bf3 e5 14. a5 Bg4 15.
Rf2 Bxf3 16. gxf3 Nd7 17. Rg2 Bf6 18. f5 h6 19. Rd1 Ke7 20. Nb5 axb5 21. Qxb4
Qc6 22. Rgd2 Bg5 23. Bxg5+ hxg5 24. Rxd6 1-0

[Event "I Weekend Croce di Magara"]
[Site "Camigliatello - Spezzano della Sila ITA"]
[Date "2005.09.17"]
[Round "5"]
[White "Gad, Ahmad"]
[Black "Grande, Pasquale"]
[Result "0-1"]
[WhiteElo "1682"]
[BlackElo "2085"]
[PlyCount "38"]
[EventDate "2005.09.10"]

1. e4 e5 2. Nf3 Nc6 3. d4 exd4 4. Nxd4 Qh4 5. Nc3 Bb4 6. Qd3 Bxc3+ 7. bxc3 Nge7
8. Be2 d6 9. O-O Ne5 10. Qe3 Ng4 11. Bxg4 Qxg4 12. Nb5 Qd7 13. Nxa7 O-O 14. c4
Qa4 15. Nxc8 Rfxc8 16. Qb3 Qc6 17. Re1 Ra4 18. Bb2 Rxc4 19. Qg3 Ng6 0-1

[Event "I Weekend Croce di Magara"]
[Site "Camigliatello - Spezzano della Sila ITA"]
[Date "2005.09.17"]
[Round "5"]
[White "Gad, Alessandro"]
[Black "Piccoli, Vincenzo"]
[Result "0-1"]
[WhiteElo "1437"]
[BlackElo "1655"]
[PlyCount "38"]
[EventDate "2005.09.10"]

1. d4 Nf6 2. Nc3 d5 3. e3 g6 4. Nf3 c6 5. Bd3 Bg7 6. O-O O-O 7. Re1 Re8 8. Ne2
Ne4 9. c4 e6 10. a3 a5 11. Qc2 Nd6 12. h4 dxc4 13. Bxc4 Nxc4 14. Qxc4 a4 15.
Bd2 h6 16. Bc3 Qd5 17. Qd3 e5 18. e4 Qd8 19. d5 b6 0-1

[Event "I Weekend Croce di Magara"]
[Site "Camigliatello - Spezzano della Sila ITA"]
[Date "2005.09.17"]
[Round "5"]
[White "Guzzo, Giovanni"]
[Black "Olivo, Paolo"]
[Result "1/2-1/2"]
[WhiteElo "1801"]
[BlackElo "1691"]
[PlyCount "35"]
[EventDate "2005.09.10"]

1. Nf3 Nf6 2. g3 b6 3. Bg2 Bb7 4. d3 d6 5. Nbd2 g6 6. b3 Bg7 7. Bb2 O-O 8. O-O
e5 9. Rb1 c5 10. e3 Nc6 11. h3 Qc7 12. c3 d5 13. e4 dxe4 14. Nxe4 Rad8 15.
Nxf6+ Bxf6 16. Qc2 Rd7 17. a3 Rfd8 18. Rbd1 1/2-1/2

[Event "I Weekend Croce di Magara"]
[Site "Camigliatello - Spezzano della Sila ITA"]
[Date "2005.09.17"]
[Round "5"]
[White "Ielapi, Vito"]
[Black "Gangemi, Salvatore"]
[Result "0-1"]
[WhiteElo "1971"]
[BlackElo "2104"]
[PlyCount "84"]
[EventDate "2005.09.10"]

1. c4 e5 2. Nc3 Nf6 3. Nf3 Nc6 4. g3 Bc5 5. Bg2 O-O 6. O-O Re8 7. b3 a5 8. Bb2
d6 9. d3 Bg4 10. h3 Bd7 11. Ng5 Bb6 12. e3 h6 13. Nf3 Bf5 14. a3 Qd7 15. Kh2 e4
16. dxe4 Nxe4 17. Nd2 Ng5 18. h4 Nh7 19. Nd5 Ba7 20. Nf4 Ne5 21. Bxe5 dxe5 22.
Nd5 c6 23. Nc3 Nf6 24. Nde4 Ng4+ 25. Kg1 Qc7 26. Qe2 Rad8 27. Rfd1 Be6 28. Bf3
h5 29. Rd2 Rxd2 30. Nxd2 f5 31. b4 e4 32. Bxg4 hxg4 33. Nb3 Rd8 34. Nxa5 Rd3
35. Nd1 b6 36. Nb2 bxa5 37. Nxd3 Bxc4 38. Qd2 exd3 39. Qc3 Qf7 40. Rc1 Qd5 41.
bxa5 Qe4 42. Kf1 d2+ 0-1

[Event "I Weekend Croce di Magara"]
[Site "Camigliatello - Spezzano della Sila ITA"]
[Date "2005.09.17"]
[Round "5"]
[White "Ljubisavljevic, Zivojin Z."]
[Black "Rosolia, Giuseppe"]
[Result "1-0"]
[WhiteElo "2261"]
[BlackElo "1829"]
[PlyCount "86"]
[EventDate "2005.09.10"]

1. e4 e5 2. Nf3 d6 3. Bc4 Nf6 4. Qe2 Be7 5. c3 Nbd7 6. d4 b6 7. Bxf7+ Kxf7 8.
Ng5+ Kg8 9. Qc4+ d5 10. Qc6 Nc5 11. dxc5 Bd7 12. Qb7 dxe4 13. Qa6 b5 14. Nd2 e3
15. Nde4 exf2+ 16. Nxf2 c6 17. O-O Bxc5 18. b4 Bxf2+ 19. Rxf2 h6 20. Nf3 Qc7
21. h3 Nd5 22. a4 Bc8 23. Qa5 Qxa5 24. bxa5 e4 25. Ne5 e3 26. Rf3 Nxc3 27. Bxe3
Nxa4 28. Ng6 Bb7 29. Raf1 Kh7 30. Nxh8 Kxh8 31. Rf8+ Kh7 32. Rxa8 Bxa8 33. Rf7
c5 34. Rxa7 Be4 35. Re7 Ba8 36. Rc7 b4 37. Bxc5 b3 38. Bd4 h5 39. Rxg7+ Kh6 40.
Rg8 Be4 41. Rb8 b2 42. Bxb2 Nc5 43. a6 Nd7 1-0

[Event "I Weekend Croce di Magara"]
[Site "Camigliatello - Spezzano della Sila ITA"]
[Date "2005.09.17"]
[Round "5"]
[White "Marincolo, Piercarlo"]
[Black "De Marco, Francesco"]
[Result "0-1"]
[WhiteElo "1640"]
[BlackElo "1803"]
[PlyCount "80"]
[EventDate "2005.09.10"]

1. e4 c5 2. Nf3 Nc6 3. d4 cxd4 4. Nxd4 Nf6 5. Nc3 e5 6. Ndb5 d6 7. Bg5 a6 8.
Na3 Be7 9. Bxf6 Bxf6 10. Nd5 O-O 11. Nc4 Be6 12. Nxf6+ Qxf6 13. c3 Bxc4 14.
Bxc4 Rfd8 15. O-O b5 16. Bd5 Rac8 17. a4 bxa4 18. Rxa4 Ne7 19. Rxa6 Nxd5 20.
Qxd5 Rc5 21. Qd3 Rc7 22. Rd1 Rcd7 23. b4 Qg5 24. c4 h5 25. b5 Qe7 26. b6 Kh8
27. Rda1 Rb7 28. c5 dxc5 29. Qxd8+ Qxd8 30. Ra8 Rb8 31. b7 Kh7 32. g3 Qc7 33.
Rxb8 Qxb8 34. Rb1 Kg6 35. f4 Kf6 36. h4 exf4 37. gxf4 c4 38. Rb6+ Ke7 39. Rc6
Qxb7 40. Rxc4 Qb1+ 0-1

[Event "I Weekend Croce di Magara"]
[Site "Camigliatello - Spezzano della Sila ITA"]
[Date "2005.09.17"]
[Round "5"]
[White "Rizzuti, Pasquale"]
[Black "Parrotta, Daniele"]
[Result "0-1"]
[WhiteElo "1874"]
[BlackElo "2159"]
[PlyCount "56"]
[EventDate "2005.09.10"]

1. g3 d5 2. Bg2 e5 3. c3 Nf6 4. d4 e4 5. Bg5 Be7 6. Nd2 O-O 7. e3 Bg4 8. f3
exf3 9. Bxf3 Bxf3 10. Qxf3 Ne4 11. Nxe4 dxe4 12. Bxe7 Qxe7 13. Qg2 Nd7 14.
O-O-O c6 15. Nh3 b5 16. Nf2 Rfe8 17. h4 Nb6 18. h5 b4 19. cxb4 Nd5 20. Rde1
Nxb4 21. a3 Nd5 22. h6 g6 23. Rh4 f5 24. Qh1 c5 25. g4 cxd4 26. gxf5 Qc5+ 27.
Kb1 Rab8 28. Nxe4 Rxb2+ 0-1

[Event "I Weekend Croce di Magara"]
[Site "Camigliatello - Spezzano della Sila ITA"]
[Date "2005.09.17"]
[Round "5"]
[White "Salvo, Vincenzo"]
[Black "Paletta, Giuseppe"]
[Result "1-0"]
[WhiteElo "1682"]
[BlackElo "1715"]
[PlyCount "83"]
[EventDate "2005.09.10"]

1. e4 d6 2. d4 Nf6 3. Nc3 c6 4. Nf3 Bg4 5. Be2 e6 6. Bg5 Be7 7. Qd2 b5 8. a3
O-O 9. O-O a6 10. Rfe1 Nbd7 11. Rad1 d5 12. e5 Ne8 13. Bxe7 Qxe7 14. Qf4 Bxf3
15. Bxf3 c5 16. Qg3 b4 17. axb4 cxb4 18. Ne2 Nc7 19. h4 Rfc8 20. Rd2 a5 21. Nf4
Ne8 22. h5 Ra6 23. h6 f5 24. exf6 Qxf6 25. hxg7 Qh6 26. Rde2 Nc7 27. Nxd5 Nxd5
28. Bxd5 Re8 29. Re4 Re7 30. Qg4 Rxg7 31. Bxe6+ Kh8 32. Qf5 Nf6 33. d5 Rg5 34.
Qf4 Ra8 35. Rc4 Rf8 36. Qd4 Qg7 37. g3 Rxg3+ 38. fxg3 Qxg3+ 39. Kf1 h5 40. Rc8
Rxc8 41. Qxf6+ Kh7 42. Bxc8 1-0

[Event "I Weekend Croce di Magara"]
[Site "Camigliatello - Spezzano della Sila ITA"]
[Date "2005.09.17"]
[Round "5"]
[White "Scalise, Sandro"]
[Black "Barlotti, Gabriele"]
[Result "1-0"]
[WhiteElo "1595"]
[BlackElo "1658"]
[PlyCount "65"]
[EventDate "2005.09.10"]

1. d4 d5 2. Nf3 Nf6 3. Bf4 Bf5 4. e3 e6 5. c3 Nbd7 6. h3 h6 7. Qb3 Nb6 8. Nbd2
Bd6 9. Ne5 O-O 10. Be2 Nfd7 11. g4 Bh7 12. Bd3 Nxe5 13. Bxh7+ Kxh7 14. dxe5 Be7
15. Qc2+ Kg8 16. Nf3 Nd7 17. h4 Qe8 18. h5 Qd8 19. O-O-O Re8 20. Rdg1 f6 21.
Bxh6 Nf8 22. g5 f5 23. Nh4 Qd7 24. f4 Bd8 25. Bxg7 Kxg7 26. h6+ Kh7 27. g6+
Nxg6 28. Rxg6 Rg8 29. Rxg8 Kxg8 30. Qg2+ Kh7 31. Qg6+ Kh8 32. Nf3 Qh7 33. Qxe6
1-0

[Event "I Weekend Croce di Magara"]
[Site "Camigliatello - Spezzano della Sila ITA"]
[Date "2005.09.17"]
[Round "5"]
[White "Tassone, Francesco"]
[Black "Paragliola, Gennaro"]
[Result "0-1"]
[WhiteElo "1511"]
[BlackElo "1562"]
[PlyCount "68"]
[EventDate "2005.09.10"]

1. e4 d6 2. d4 g6 3. Nf3 Bg7 4. c3 Nf6 5. Bd3 O-O 6. O-O c5 7. dxc5 dxc5 8. Bg5
Nc6 9. Bc2 Qb6 10. Qc1 Bg4 11. Nbd2 Rfd8 12. Rd1 e5 13. h3 Be6 14. c4 Qc7 15.
b3 Nd4 16. Bd3 Rd7 17. Qb2 Rad8 18. Nxd4 exd4 19. Nf3 h6 20. Bh4 g5 21. Bg3 Qc8
22. Rd2 Re7 23. Re2 Nh5 24. Bh2 Kh8 25. Be5 f6 26. Bh2 Nf4 27. Bxf4 gxf4 28.
Kh2 Rg8 29. Rg1 Bf8 30. Ree1 Reg7 31. Qd2 Qc7 32. Be2 Bd6 33. Kh1 Rg6 34. Nh4
Rg5 0-1

[Event "I Weekend Croce di Magara"]
[Site "Camigliatello - Spezzano della Sila ITA"]
[Date "2005.09.17"]
[Round "5"]
[White "Trifoglio, Giovanni"]
[Black "Sorrenti, Francesco"]
[Result "0-1"]
[WhiteElo "1862"]
[BlackElo "1962"]
[PlyCount "53"]
[EventDate "2005.09.10"]

1. e4 e5 2. Nf3 Nc6 3. d4 exd4 4. Bc4 Nf6 5. O-O d6 6. Ng5 Ne5 7. Bb3 h6 8. Nf3
Bg4 9. Nbd2 Be7 10. Re1 O-O 11. h3 Bh5 12. Bc4 Nxc4 13. Nxc4 b5 14. Ncd2 Nd7
15. Nb3 c5 16. Bf4 Ne5 17. g4 Nxg4 18. hxg4 Bxg4 19. Kg2 f5 20. e5 dxe5 21.
Bxe5 Bd6 22. Qe2 Re8 23. Nbd2 Bxe5 24. Qxb5 Qd5 25. Qd3 Bf4 26. Kg1 c4 27. Qxd4
0-1

[Event "I Weekend Croce di Magara"]
[Site "Camigliatello - Spezzano della Sila ITA"]
[Date "2005.09.17"]
[Round "6"]
[White "Amodei, Diego"]
[Black "Guzzo, Giovanni"]
[Result "1/2-1/2"]
[WhiteElo "1655"]
[BlackElo "1801"]
[PlyCount "75"]
[EventDate "2005.09.10"]

1. d4 Nf6 2. c4 d6 3. Nc3 g6 4. Nf3 Bg7 5. e4 O-O 6. h3 b6 7. Be3 Nbd7 8. Be2
Bb7 9. Qc2 e5 10. dxe5 Nxe5 11. Nxe5 dxe5 12. Rd1 Qe7 13. O-O a6 14. Bf3 Rad8
15. Bg5 c6 16. Qb3 Qc7 17. Na4 b5 18. Nc5 Bc8 19. a4 h6 20. Be3 bxa4 21. Nxa4
Rxd1 22. Rxd1 Nd7 23. c5 Rd8 24. Bg4 Nf6 25. Rxd8+ Qxd8 26. Bxc8 Qxc8 27. Qd3
Qd7 28. Qxd7 Nxd7 29. Nb6 Nb8 30. Nc8 Kf8 31. Nd6 Ke7 32. b4 f6 33. Kf1 Ke6 34.
Ke2 f5 35. Kd3 f4 36. Bd2 h5 37. f3 h4 38. Be1 1/2-1/2

[Event "I Weekend Croce di Magara"]
[Site "Camigliatello - Spezzano della Sila ITA"]
[Date "2005.09.17"]
[Round "6"]
[White "Gad, Ahmad"]
[Black "Ielapi, Vito"]
[Result "0-1"]
[WhiteElo "1682"]
[BlackElo "1971"]
[PlyCount "148"]
[EventDate "2005.09.10"]

1. e4 c6 2. Nc3 d5 3. Nf3 Bg4 4. exd5 cxd5 5. Bb5+ Bd7 6. Bxd7+ Qxd7 7. d4 Nc6
8. Bf4 a6 9. O-O e6 10. Na4 Qd8 11. Nc5 b6 12. Nd3 Nf6 13. Re1 Be7 14. c3 O-O
15. Nfe5 Nxe5 16. Bxe5 Bd6 17. Re2 Ng4 18. h3 Nxe5 19. Nxe5 Qc7 20. Qe1 Rae8
21. f4 Re7 22. g3 b5 23. a3 a5 24. Rc1 Rc8 25. Nd3 Qd8 26. Kf2 Rec7 27. Qd1 Rc4
28. Ne5 Bxe5 29. fxe5 b4 30. axb4 axb4 31. Rec2 Qc7 32. Qd3 g6 33. Ke1 Kf8 34.
Kd1 b3 35. Rf2 Ra8 36. Kd2 Rca4 37. Ke3 f5 38. h4 Qc4 39. Rd2 Ke7 40. Kf4 h6
41. Qxc4 Rxc4 42. Rf2 Rca4 43. Rff1 Ra2 44. Rb1 Rg8 45. Rf2 Kd7 46. Rc1 Ra4 47.
Rff1 Kc6 48. Ra1 Rga8 49. Rxa4 Rxa4 50. Ke3 Ra2 51. Rb1 Kb5 52. Kd3 g5 53. hxg5
hxg5 54. c4+ dxc4+ 55. Kc3 Ra4 56. Rh1 Kc6 57. Rh8 Kd5 58. Re8 f4 59. gxf4 gxf4
60. Rf8 Ke4 61. Rf6 f3 62. Rxe6 f2 63. Rf6 Ke3 64. d5 Ra5 65. Kxc4 Ra4+ 66. Kc3
Rf4 67. Rxf4 Kxf4 68. e6 f1=Q 69. e7 Qe1+ 70. Kxb3 Qxe7 71. Kc4 Ke4 72. b4 Qc7+
73. Kb3 Kd3 74. Ka4 Kc4 0-1

[Event "I Weekend Croce di Magara"]
[Site "Camigliatello - Spezzano della Sila ITA"]
[Date "2005.09.17"]
[Round "6"]
[White "Grande, Pasquale"]
[Black "Gangemi, Salvatore"]
[Result "1-0"]
[WhiteElo "2085"]
[BlackElo "2104"]
[PlyCount "63"]
[EventDate "2005.09.10"]

1. d4 Nf6 2. Nf3 d5 3. e3 Bg4 4. Be2 e6 5. O-O Nbd7 6. Nbd2 Rc8 7. c4 c5 8. b3
Bd6 9. Bb2 O-O 10. Ne5 Bxe2 11. Qxe2 Qc7 12. cxd5 exd5 13. Nxd7 Bxh2+ 14. Kh1
Nxd7 15. g3 Bxg3 16. Rg1 Be5 17. dxe5 Nxe5 18. f4 Ng6 19. f5 Ne5 20. Qg2 f6 21.
Qxd5+ Kh8 22. Rg2 Rcd8 23. Bxe5 fxe5 24. Qe4 Rf6 25. Nf3 Rdf8 26. Ng5 Rxf5 27.
Ne6 Rf1+ 28. Rg1 Rxg1+ 29. Rxg1 Qf7 30. Nxf8 Qh5+ 31. Kg2 Qe2+ 32. Kg3 1-0

[Event "I Weekend Croce di Magara"]
[Site "Camigliatello - Spezzano della Sila ITA"]
[Date "2005.09.17"]
[Round "6"]
[White "Ielapi, Gianbattista"]
[Black "Rizzuti, Pasquale"]
[Result "0-1"]
[WhiteElo "1599"]
[BlackElo "1874"]
[PlyCount "74"]
[EventDate "2005.09.10"]

1. e4 c5 2. Nf3 e6 3. d4 cxd4 4. Nxd4 Nf6 5. Nc3 Bb4 6. Bd3 e5 7. Nb3 O-O 8.
Bd2 b6 9. O-O Bb7 10. Re1 Na6 11. a3 Bc5 12. Bxa6 Bxa6 13. Nxc5 bxc5 14. Be3
Qc7 15. Nd5 Nxd5 16. Qxd5 d6 17. Rad1 Rfd8 18. f4 Bb7 19. Qc4 Qe7 20. fxe5 Qxe5
21. Bf2 Rab8 22. Bg3 Qe7 23. Rxd6 Rxd6 24. Qxc5 Rbd8 25. Bxd6 Qxd6 26. Qxa7
Qd4+ 27. Qxd4 Rxd4 28. c3 Rd2 29. b4 Ra2 30. Rd1 Kf8 31. Rd7 Bxe4 32. Ra7 Rxg2+
33. Kf1 Rxh2 34. c4 h5 35. c5 h4 36. b5 Rc2 37. Rc7 Bd3+ 0-1

[Event "I Weekend Croce di Magara"]
[Site "Camigliatello - Spezzano della Sila ITA"]
[Date "2005.09.17"]
[Round "6"]
[White "Levato, Biagio"]
[Black "Piccoli, Vincenzo"]
[Result "0-1"]
[WhiteElo "1480"]
[BlackElo "1655"]
[PlyCount "110"]
[EventDate "2005.09.10"]

1. Nf3 Nf6 2. g3 g6 3. Bg2 Bg7 4. O-O O-O 5. d3 d5 6. Nbd2 c5 7. Re1 Nc6 8. e4
e6 9. exd5 Nxd5 10. Nb3 b6 11. Nfd2 Bb7 12. a3 Re8 13. c4 Nf6 14. Nf3 Nd7 15.
Nbd2 Qc7 16. Rb1 a6 17. Ne4 Nd4 18. Nxd4 Bxd4 19. b4 f5 20. Ng5 Bxg2 21. Kxg2
Qb7+ 22. Kg1 Ne5 23. Be3 Bc3 24. Rf1 h6 25. bxc5 hxg5 26. Rxb6 Qf3 27. Qxf3
Nxf3+ 28. Kg2 Ne1+ 29. Kh1 Nxd3 30. Rb3 Nxc5 31. Rxc3 Ne4 32. Rd3 Rac8 33. Rc1
f4 34. gxf4 gxf4 35. Bb6 Rc6 36. f3 Rxb6 37. fxe4 Re7 38. e5 Rh7 39. Rc2 g5 40.
c5 Rc6 41. Rd6 Rhc7 42. Rg2 f3 43. Rxg5+ Kf7 44. h4 Rxc5 45. Rxa6 Rc1+ 46. Rg1
f2 47. Rf1 Rxf1+ 48. Kg2 Rh1 49. Kxf2 Rxh4 50. a4 Rc5 51. Kg3 Re4 52. Ra7+ Kg6
53. a5 Ra4 54. a6 Rc3+ 55. Kf2 Rc2+ 0-1

[Event "I Weekend Croce di Magara"]
[Site "Camigliatello - Spezzano della Sila ITA"]
[Date "2005.09.17"]
[Round "6"]
[White "Olivo, Paolo"]
[Black "Salvo, Vincenzo"]
[Result "0-1"]
[WhiteElo "1691"]
[BlackElo "1682"]
[PlyCount "90"]
[EventDate "2005.09.10"]

1. e4 e5 2. Nf3 Nc6 3. Bc4 Bc5 4. b4 Bxb4 5. c3 Ba5 6. Qb3 Qe7 7. d3 h6 8. O-O
d6 9. d4 Nf6 10. Re1 exd4 11. Bb5 dxc3 12. Nxc3 O-O 13. Ba3 a6 14. Bxc6 bxc6
15. e5 Qe6 16. Qc2 Qf5 17. Qxf5 Bxf5 18. Rec1 Nd5 19. Nxd5 cxd5 20. exd6 cxd6
21. Bxd6 Rfc8 22. Rd1 Bc3 23. Rac1 Bb2 24. Rxc8+ Rxc8 25. h3 Rc1 26. Rxc1 Bxc1
27. Nd4 Bd3 28. a4 g6 29. a5 Bd2 30. Bc7 Kf8 31. g4 Ke7 32. Kg2 Kd7 33. Bb6 Bc3
34. Nb3 Bc4 35. Nc5+ Kc6 36. Na4 Bd2 37. Nb2 Kb5 38. Kf3 Bxa5 39. Bxa5 Kxa5 40.
Ke3 Kb4 41. Kd4 a5 42. Nd1 a4 43. Ne3 a3 44. f4 a2 45. f5 a1=Q# 0-1

[Event "I Weekend Croce di Magara"]
[Site "Camigliatello - Spezzano della Sila ITA"]
[Date "2005.09.17"]
[Round "6"]
[White "Paletta, Giuseppe"]
[Black "Iannicella, Simone"]
[Result "1-0"]
[WhiteElo "1715"]
[BlackElo "1458"]
[PlyCount "53"]
[EventDate "2005.09.10"]

1. e4 e5 2. f4 exf4 3. Nf3 d5 4. exd5 Qxd5 5. d4 Bg4 6. Nc3 Bb4 7. Be2 g5 8.
O-O Bxc3 9. bxc3 h6 10. c4 Qe4 11. Bb2 Nd7 12. Bd3 Qe7 13. Re1 Be6 14. d5 Ngf6
15. dxe6 fxe6 16. Bg6+ Kf8 17. a4 Kg7 18. Bd3 g4 19. Ne5 Nxe5 20. Rxe5 Rad8 21.
Qe2 h5 22. Rxe6 Qc5+ 23. Kh1 Rdf8 24. Re1 g3 25. Re5 Qb6 26. Rg5+ Kh6 27. Rg6+
1-0